Biblioteca y Centro de Documentación

Inestabilidad e intermediación laboral desde 2010 a 2014: riesgos asumidos a costa de activar el empleo (Registro nro. 45021)

Detalles MARC
000 -CABECERA
Longitud fija campo de control 01155naa a2200289 4500
001 - NÚMERO DE CONTROL
Número de control 45021
003 - IDENTIFICADOR DE NÚMERO DE CONTROL
Identificador del número de control ES-MaCES
005 - FECHA Y HORA DE LA ÚLTIMA TRANSACCIÓN
Fecha y hora de la última transacción 20250207040010.0
008 - CAMPO FIJO DE DESCRIPCIÓN FIJA--INFORMACIÓN GENERAL
Códigos de información de longitud fija   000000s2014 sp ||||| t||||||| ||spa d
040 ## - FUENTE DE CATALOGACIÓN
Centro catalogador de origen ES-MaCES
Lengua de catalogación spa
Centro transcriptor ES-MaCES
100 1# - ENCABEZAMIENTO PRINCIPAL--NOMBRE PERSONAL
9 (RLIN) 6981
Nombre de persona Ballester Pastor, Inmaculada
245 10 - MENCIÓN DE TÍTULO
Título Inestabilidad e intermediación laboral desde 2010 a 2014: riesgos asumidos a costa de activar el empleo
Mención de responsabilidad, etc. Inmaculada Ballester Pastor
504 ## - NOTA DE BIBLIOGRAFÍA, ETC.
Nota de bibliografía, etc. Bibliografía: 175-176
650 #4 - ASIENTO SECUNDARIO DE MATERIA--TÉRMINO DE MATERIA
9 (RLIN) 30171
Término de materia o nombre geográfico como elemento inicial empleo precario
650 #4 - ASIENTO SECUNDARIO DE MATERIA--TÉRMINO DE MATERIA
9 (RLIN) 29000
Término de materia o nombre geográfico como elemento inicial empleo temporal
650 #4 - ASIENTO SECUNDARIO DE MATERIA--TÉRMINO DE MATERIA
9 (RLIN) 29897
Término de materia o nombre geográfico como elemento inicial mediación
650 #4 - ASIENTO SECUNDARIO DE MATERIA--TÉRMINO DE MATERIA
9 (RLIN) 27166
Término de materia o nombre geográfico como elemento inicial legislación del trabajo
650 #4 - ASIENTO SECUNDARIO DE MATERIA--TÉRMINO DE MATERIA
9 (RLIN) 29892
Término de materia o nombre geográfico como elemento inicial reforma legislativa
650 #4 - ASIENTO SECUNDARIO DE MATERIA--TÉRMINO DE MATERIA
Término de materia o nombre geográfico como elemento inicial contrato de trabajo de duración determinada
9 (RLIN) 30650
650 #4 - ASIENTO SECUNDARIO DE MATERIA--TÉRMINO DE MATERIA
9 (RLIN) 30270
Término de materia o nombre geográfico como elemento inicial fomento del empleo
650 #4 - ASIENTO SECUNDARIO DE MATERIA--TÉRMINO DE MATERIA
9 (RLIN) 29942
Término de materia o nombre geográfico como elemento inicial inserción profesional
650 #4 - ASIENTO SECUNDARIO DE MATERIA--TÉRMINO DE MATERIA
9 (RLIN) 32025
Término de materia o nombre geográfico como elemento inicial 2010-2014
653 10 - TÉRMINO DE INDEXACIÓN--NO CONTROLADO
Término no controlado Empleo
773 0# - ENTRADA DE DOCUMENTO FUENTE
Itemnumber del ítem fuente 81666
Lugar, editor y fecha de publicación Barcelona Atelier [2014]
Otro identificador del documento 084571
Título El impacto de la gran crisis mundial sobre el Derecho del trabajo y de la Seguridad Social
Número de control del registro relacionado (ES-MaCES)44826
Número Internacional Normalizado para Libros (ISBN) 9788415690481
Parte(s) relacionada(s) p. 157-176. - SG-2.0.-430
902 ## - CES. TIPO DE DOCUMENTO
Tipodoc (006$c Sirtex) ARL Artículo de libro
942 ## - ELEMENTOS KOHA
Fuente de clasificaión o esquema Clasificación propia del CES
Koha [por defecto] tipo de item Artículos (1982-2017)
Parte de clasificación Empleo

No hay ítems disponibles.

© CES, Consejo Económico y Social de España 2021